| Tag |
First Indicator |
Second Indicator |
Subfields |
| LEADER |
00000cam a2200000Ia 4500 |
| 001 |
in00004520121 |
| 005 |
20160225094945.0 |
| 008 |
120803s1819 enk b 000 0 eng d |
| 035 |
|
|
|a (OCoLC)ocm11711483
|
| 035 |
|
|
|a (OCoLC)11711483
|z (OCoLC)122696137
|
| 035 |
|
|
|a 80650
|
| 040 |
|
|
|a EEM
|b eng
|c EEM
|d OCLCQ
|d CUD
|d OCLCQ
|d OCLCF
|d OCLCQ
|d OCLCO
|d TMV
|d UtOrBLW
|
| 049 |
|
|
|a TMVM
|
| 050 |
|
4 |
|a S663.S3
|b P3 1819
|
| 060 |
|
4 |
|a SF 98.S4
|b P245L 1819
|
| 100 |
1 |
|
|a Parkes, Samuel.
|
| 245 |
1 |
2 |
|a A letter to farmers and graziers on the advantages of using salt in agriculture, and in feeding cattle /
|c by Samuel Parkes, FLS. MRI. FSA.E. ; member of the Geological Soicity of London, and of the Wernerian, Horticultural, and Highland Societies of Scotland; honorary member of the Royal Geological Society of Cornwall; and corresponding member of the Literary and Philosophical Society of Manchester.
|
| 246 |
3 |
|
|a Letter to the farmers and graziers of Great Britain
|
| 250 |
|
|
|a The fourth edition, enlarged and corrected.
|
| 264 |
|
3 |
|a London :
|b printed for Baldwin, Cradock, and Joy,
|c 1819.
|
| 300 |
|
|
|a 107 pages ;
|c 21 cm
|
| 336 |
|
|
|a text
|b txt
|2 rdacontent
|
| 337 |
|
|
|a unmediated
|b n
|2 rdamedia
|
| 338 |
|
|
|a volume
|b nc
|2 rdacarrier
|
| 500 |
|
|
|a Caption title (page [13]): A letter to the farmers and graziers of Great Britain.
|
| 504 |
|
|
|a Includes bibliographical references.
|
| 520 |
|
|
|a Niall Kenny description: Preface to 1st edition signed "London, Feb. 22nd, 1819."; preface to 4th edition signed "London, November 1st, 1819." Printer's imprint: "B. Clarke, Printer, Well Street, London."
|
| 561 |
|
|
|a Niall Kenny (sold to TMV).
|5 TMV
|
| 650 |
|
0 |
|a Salt.
|
| 650 |
|
0 |
|a Animal feeding.
|
| 650 |
|
0 |
|a Salt as fertilizer.
|
| 650 |
|
2 |
|a Sodium Chloride.
|
| 650 |
|
2 |
|a Sodium Chloride, Dietary.
|
| 650 |
|
2 |
|a Animal Feed.
|
| 650 |
|
2 |
|a Livestock.
|
| 650 |
|
7 |
|a Salt.
|2 fast
|0 (OCoLC)fst01104215
|
| 650 |
|
7 |
|a Salt as fertilizer.
|2 fast
|0 (OCoLC)fst01104242
|
| 999 |
f |
f |
|s 498ffe18-01f5-3f0e-807d-543bbb6742ac
|i e9a2ee3b-d9bb-39ee-ad2b-758b11d2a7bb
|t 0
|
| 952 |
f |
f |
|p noncirc
|a Texas A&M University
|b College Station
|c Medical Sciences Library
|d MSL: Special Collections
|t 0
|e SF 98.S4 P245L 1819
|h National Library of Medicine classification
|i unmediated -- volume
|m 3238902184265
|
| 998 |
f |
f |
|a SF 98.S4 P245L 1819
|t 0
|l MSL: Special Collections
|